000 00278ngm a2200085 454500
008 180718b xxu||||| |||| 00| 0 eng d
100 _aIndia. Ministry of External Affairs
245 _aMany nations one voice: a short film on bonding of SAARC nations
260 _aNew Delhi
_bThe author
_c
999 _c447327
_d447327